02075nam a2200337 i 4500003000900000005001700009007000300026008004100029020001800070040003000088082002000118100002900138245017300167264005100340300002900391336002700420337003400447338002800481490002800509500007300537504003100610520085200641650003401493650001901527650002701546650003201573700003101605700003601636700002801672700003701700DO-SdBNP20250129073606.0ta240701s2023 dr 000 0 spa d a9789945942309 aDO-SdBNPbspacBNPHUerda a649.1bC352222 aCastillo, Marciaeautora10aAyúdame a ser tu hijo :bmanual para una crianza efectiva /cMarcia Castillo, Cristal Cedeño, Anderson Batista, Alejandro Maríñez ; prólogo Rita Díaz Blanco 1aSanto Domingo :bRío de oro editores,c2023. a166 páginas, c22 cm. 2rdacontentatextobtxt 2rdamediaasin mediación bn 2rdacarrieravolumenbnc aColectivo de autoresv1 aIncluye datos biografícos de los autores en las páginas 159-162. aBibliografía p: 149-155. aLa lectura cuidadosa de este manual nos permite identificar los roles en la familia y, sobre todo, desenmascarar esas verdades aparentes que a veces copan los periódicos y revistas, o bombardean las redes sociales como soluciones a dinámicas conflictivas en el hogar. Como bien plantean estos expertos en el área, no siempre se puede aplicar una misma estrategia con todas las familias, pues dependerá de muchos factores, tanto internos como externos. Una de las grandes necesidades de nuestro tiempo es conservar la flexibilidad mental, estar abiertos a nuevas ideas, sobre todo con la crianza de nuestros hijos. Los tiempos cambian, los hijos cambian. Ayúdame a ser tu hijo es un texto que nos acompaña a reexaminar nuestros conceptos sobre la crianza, a no sentirnos solos en este transitar y a fortalecer nuestros lazos familiares. 5aCrianza de niños xGuías 5aPadres e hijos 5aEducación de niños 5aVida familiar y educación1 aCedeño, Cristal eautor1 aBalcácer, Juan Daniel,d1949-1 aMaríñez, Alejandro 1 aDíaz Blanco, Rita eprólogo